| 000 | 00728cam a2200205 4500 | ||
|---|---|---|---|
| 001 | WB3708-26 | ||
| 008 | 000000n2001 000 0 eng u | ||
| 035 | _a(Sirsi) u111047 | ||
| 245 | _aBusiness tax plan may hit local projects | ||
| 260 | _c2001 | ||
| 490 |
_aFinancial Times _v 16 February 2001, 2(1) |
||
| 520 | _aThe CBI and British Chambers of Commerce have warned ministers that companies may withdraw valuable contributions to regeneration schemes if the government does not back down on plans for local corporate taxes. | ||
| 590 | _aWB | ||
| 650 | _aCBI | ||
| 650 | _aBRITISH CHAMBERS OF COMMERCE | ||
| 650 | _aVOLUNTARY CONTRIBUTIONS | ||
| 650 | _aREGENERATION SCHEMES | ||
| 690 | _aTAXATION | ||
| 942 | _n0 | ||
| 999 |
_c66166 _d66166 |
||